000 00378nam a2200121 4500
999 _c13587
_d13587
008 190328b ||||| |||| 00| 0 eng d
100 _937894
_aFelipe, Cecille Suerte
245 _aMedical marijuana allowed in Phl, Sotto says/
_cCecille Suerte Felipe
260 _aPhilippines
_bThe Philippine Star
_cc2018
300 _apage 6.
650 0 _937895
_aMarijuana.
942 _2ddc
_cPER